[Event "ESTCC U65 2018"]
[Site "Walbrzych"]
[Date "2018.04.16"]
[Round "3"]
[White "Koskinen, Veikko"]
[Black "Auvinen, Esa"]
[Result "1/2-1/2"]
[WhiteElo "2012"]
[BlackElo "1888"]
[Annotator "NA RC"]
[PlyCount "25"]
[EventDate "2018.??.??"]
[EventCountry "POL"]
[SourceTitle "playchess.com"]
[Source "ChessBase"]
[SourceQuality "1"]
[WhiteTeam "Finland"]
[BlackTeam "Finland"]
[WhiteTeamCountry "FIN"]
[BlackTeamCountry "FIN"]
[TimeControl "40/5400+30:1800+30"]

1. Nf3 {[%emt 0:00:00]} d5 {[%emt 0:04:14]} 2. g3 {[%emt 0:00:05]} c5 {[%emt 0:01:31]} 3. Bg2 {[%emt 0:00:13]} Nc6 {[%emt 0:01:20]} 4. O-O {[%emt 0:00:39]} e5 {[%emt 0:00:14]} 5. d3 {[%emt 0:00:14]} Nf6 {[%emt 0:00:27]} 6. Bg5 {[%emt 0:03:37]} Be7 {[%emt 0:01:28]} 7. Nfd2 {[%emt 0:01:02]} Be6 {[%emt 0:00:46]} 8. Bxf6 {[%emt 0:02:38]} Bxf6 {[%emt 0:00:26]} 9. Nc3 {[%emt 0:00:35]} O-O {[%emt 0:01:24]} 10. e4 {[%emt 0:02:13]} dxe4 $11 {[%emt 0:03:36]} 11. dxe4 {[%emt 0:02:57]} g6 {[%emt 0:08:52]} 12. Nd5 {[%emt 0:09:44]} Bg7 {[%emt 0:01:01]} 13. Ne3 1/2-1/2

[Event "ESTCC U65 2018"]
[Site "Walbrzych"]
[Date "2018.04.16"]
[Round "3"]
[White "Olesen, Poul Erik Norgaard"]
[Black "Meskanen, Vesa"]
[Result "1-0"]
[WhiteElo "2005"]
[BlackElo "2066"]
[Annotator "NA RC"]
[PlyCount "61"]
[EventDate "2018.??.??"]
[EventCountry "POL"]
[SourceTitle "playchess.com"]
[Source "ChessBase"]
[SourceQuality "1"]
[WhiteTeam "Denmark"]
[BlackTeam "Finland"]
[WhiteTeamCountry "DEN"]
[BlackTeamCountry "FIN"]
[TimeControl "40/5400+30:1800+30"]

1. e4 {[%emt 0:00:00]} c5 {[%emt 0:00:18]} 2. Nf3 {[%emt 0:00:03]} d6 {[%emt 0:00:07]} 3. d4 {[%emt 0:00:49]} cxd4 {[%emt 0:00:08]} 4. Nxd4 {[%emt 0:00:09]} Nf6 {[%emt 0:00:06]} 5. Nc3 {[%emt 0:00:11]} g6 {[%emt 0:00:43]} 6. Be2 {[%emt 0:02:17]} Bg7 {[%emt 0:00:22]} 7. Be3 {[%emt 0:01:01]} Nc6 {[%emt 0:01:56]} 8. Nb3 {[%emt 0:01:33]} Be6 {[%emt 0:04:53] LiveBook: 20 Games} 9. f4 {[%emt 0:04:51]} a5 {[%emt 0:04:30]} 10. a4 {[%emt 0:00:45]} Rc8 {[%emt 0:02:45]} 11. O-O {[%emt 0:05:57]} O-O {[%emt 0:06:05]} 12. Kh1 {[%emt 0:19:58] B74: Sicilian Dragon: Classical System with 9 Nb3} Nb4 (12... Bxb3 13. cxb3 Nd7 14. Bc4 Nb4 15. Qe2 Nb6 16. Nd5 N4xd5 17. exd5 Nd7 18. Rae1 Nc5 19. f5 Nd7 {1-0 (72) Tiviakov,S (2674)-Colovic,A (2441) Benidorm 2009}) 13. Bf3 {[%emt 0:06:29]} Qd7 $146 {[%emt 0:15:03]} ({Find the theoretical novelty and annotate with similar games:} 13... Nd7 14. Nd4 Bc4 15. Rf2 e6 16. Bg4 Nb6 17. Rd2 Qe7 {½-½ (53) Zhang,X (2354)-Tan,Z (2438) Beijing 2012}) 14. Nxa5 {[%emt 0:12:20]} Ng4 {[%emt 0:07:21]} 15. Bg1 {[%emt 0:01:24]} Ra8 {[%emt 0:10:17]} (15... h5 $14) 16. Nb3 {[%emt 0:02:58]} Rfc8 {[%emt 0:03:06]} 17. Nd4 {[%emt 0:02:10]} Nf6 $18 {[%emt 0:03:12]} 18. Nxe6 {[%emt 0:07:13]} fxe6 {[%emt 0:00:19]} 19. Be3 {[%emt 0:13:35]} Ne8 {[%emt 0:09:29]} 20. Rf2 {[%emt 0:02:54]} Bxc3 {[%emt 0:04:35]} 21. bxc3 {[%emt 0:00:12]} Na6 {[%emt 0:02:16]} 22. f5 {[%emt 0:03:47]} Rxc3 {[%emt 0:05:00]} 23. Bd4 {[%emt 0:01:00]} Rc4 {[%emt 0:01:23]} 24. fxe6 {[%emt 0:00:22]} Qxe6 {[%emt 0:03:51]} 25. Bg4 {[%emt 0:00:16]} Qxe4 {[%emt 0:00:45]} 26. c3 {[%emt 0:00:43]} Nc5 {[%emt 0:04:39]} 27. Qf1 {[%emt 0:01:52]} Nf6 {[%emt 0:04:32]} 28. Qxc4+ d5 29. Qxc5 {[%emt 0:03:20]} Nxg4 {[%emt 0:01:18]} 30. Rff1 {[%emt 0:00:40]} e5 {[%emt 0:02:46]} 31. Rae1 {[%emt 0:00:41]} 1-0

[Event "ESTCC U65 2018"]
[Site "Walbrzych"]
[Date "2018.04.16"]
[Round "3"]
[White "Alkkiomaki, Jyrki"]
[Black "Staechelin, Ruedi"]
[Result "0-1"]
[WhiteElo "1967"]
[BlackElo "2091"]
[Annotator "NA RC"]
[PlyCount "82"]
[EventDate "2018.??.??"]
[EventCountry "POL"]
[SourceTitle "playchess.com"]
[Source "ChessBase"]
[SourceQuality "1"]
[WhiteTeam "Finland"]
[BlackTeam "Switzerland"]
[WhiteTeamCountry "FIN"]
[BlackTeamCountry "SUI"]
[TimeControl "40/5400+30:1800+30"]

1. e4 {[%emt 0:00:00]} d6 {[%emt 0:00:17]} 2. d4 {[%emt 0:00:00]} Nf6 {[%emt 0:00:08]} 3. Nc3 {[%emt 0:00:00]} Nbd7 {[%emt 0:01:35]} 4. Nf3 {[%emt 0:00:39]} e5 {[%emt 0:00:08]} 5. Be2 {[%emt 0:01:41]} Be7 {[%emt 0:01:37]} 6. b3 {[%emt 0:03:59]} c6 {[%emt 0:02:38]} 7. Bb2 {[%emt 0:01:02]} Qc7 {[%emt 0:02:18]} 8. Qd2 {[%emt 0:03:31]} h6 {[%emt 0:14:40]} 9. O-O-O {[%emt 0:10:56]} a6 {[%emt 0:08:27]} 10. Kb1 {[%emt 0:03:18]} b5 {[%emt 0:00:25]} 11. Bd3 {[%emt 0:10:10]} Bb7 {[%emt 0:09:28]} 12. Rhe1 {[%emt 0:04:00]} O-O-O {[%emt 0:10:39]} 13. Qe2 {[%emt 0:04:58]} Rhe8 {[%emt 0:01:25]} 14. a4 {[%emt 0:02:28]} Bf8 {[%emt 0:05:12]} 15. d5 $11 {[%emt 0:06:47]} b4 {[%emt 0:04:29]} 16. dxc6 {[%emt 0:04:13]} Qxc6 {[%emt 0:01:07]} 17. Nd5 {[%emt 0:00:33]} Nxd5 {[%emt 0:02:05]} 18. exd5 {[%emt 0:00:05]} Qb6 {[%emt 0:00:32]} 19. Bc4 {[%emt 0:05:55]} Kb8 {[%emt 0:01:26]} 20. Bc1 {[%emt 0:01:18]} Rc8 {[%emt 0:01:46]} 21. Be3 {[%emt 0:00:32]} Nc5 {[%emt 0:00:31]} 22. g4 {[%emt 0:06:01]} Be7 {[%emt 0:01:19]} 23. Bxc5 {[%emt 0:07:14]} Rxc5 {[%emt 0:03:21]} 24. Qe4 {[%emt 0:05:43]} Bf6 {[%emt 0:01:27]} 25. Nd4 {[%emt 0:04:42]} Rec8 {[%emt 0:01:24]} 26. Nf5 {[%emt 0:02:01]} Rh8 {[%emt 0:05:09]} 27. Ne3 {[%emt 0:00:40]} Bg5 {[%emt 0:01:06]} 28. Rf1 {[%emt 0:00:57]} g6 {[%emt 0:01:39]} 29. Ng2 {[%emt 0:01:25]} Bc8 {[%emt 0:00:53]} 30. h4 {[%emt 0:00:22]} f5 {[%emt 0:00:55]} 31. Qe2 {[%emt 0:00:57]} Bf6 {[%emt 0:02:13]} 32. f3 {[%emt 0:01:26]} Ka7 {[%emt 0:00:55]} 33. Rh1 {[%emt 0:00:24]} h5 {[%emt 0:02:52]} 34. g5 {[%emt 0:02:01]} Bg7 {[%emt 0:00:30]} 35. f4 {[%emt 0:00:42]} e4 {[%emt 0:02:53]} 36. Ne3 {[%emt 0:01:02]} Bd7 {[%emt 0:00:23]} 37. Ka2 {[%emt 0:01:24]} Rb8 {[%emt 0:00:36]} 38. Rh2 {[%emt 0:01:12]} Qa5 {[%emt 0:00:37]} 39. c3 {[%emt 0:00:46]} bxc3 {[%emt 0:03:01]} 40. Rb1 {[%emt 0:00:00]} Bxa4 {[%emt 0:00:43]} 41. b4 {[%emt 0:02:28]} Bb3+ {[%emt 0:01:40]} 0-1

[Event "ESTCC U65 2018"]
[Site "Walbrzych"]
[Date "2018.04.16"]
[Round "3"]
[White "Kauko, Pekka"]
[Black "Vucenovic, Dragomir"]
[Result "1/2-1/2"]
[WhiteElo "1961"]
[BlackElo "2248"]
[Annotator "TA"]
[PlyCount "153"]
[EventDate "2018.??.??"]
[EventCountry "POL"]
[SourceTitle "playchess.com"]
[Source "ChessBase"]
[SourceQuality "1"]
[WhiteTeam "Finland"]
[BlackTeam "Switzerland"]
[WhiteTeamCountry "FIN"]
[BlackTeamCountry "SUI"]

{[%evp 19,153,-70,-58,-176,-160,-159,-166,-155,-162,-160,-138,-162,-139,-124,-59,-58,-59,-59,-60,-60,-66,-64,-13,-14,21,21,145,136,130,-19,-19,-51,-58,-60,15,11,56,58,24,23,61,45,57,44,59,56,48,26,47,21,41,47,52,0,0,0,0,0,0,0,0,-10,0,-26,0,0,0,0,0,0,9,0,0,0,0,0,0,0,0,0,0,0,0,0,0,0,0,0,0,0,0,0,0,0,0,0,0,0,0,0,0,0,0,0,0,0,0,0,0,0,0,0,8,8,8,0,0,0,0,0,0,0,0,0,0,0,0,-8,-8,-8,-8,-8,0,0,0,-8]} 1. d4 d5 2. c4 c6 3. Nc3 Nf6 4. g3 g6 5. Bg2 Bg7 6. Nf3 O-O 7. O-O dxc4 8. Ne5 Be6 9. e4 Nbd7 10. Nxd7 Qxd7 11. d5 {D78: Fianchetto Grünfeld: 6 0-0 c6} (11. Ne2 $15) 11... cxd5 $19 12. exd5 Bh3 13. Qf3 $146 {Black is clearly better.} ({Predecessor:} 13. Bxh3 Qxh3 14. Qe2 Ng4 15. f3 Bd4+ {0-1 (15) Will,P (2095)-Nuding,M (2172) Frankfurt 2012}) 13... Rad8 14. Bxh3 Qxh3 15. Rd1 Rd7 16. Rd4 Qf5 (16... Rc8 $17 17. Be3 Qf5) 17. Qxf5 $15 gxf5 18. Rxc4 Nxd5 19. Nxd5 Rxd5 20. Be3 Rb5 ({Better is} 20... Rd7 $15) 21. Rb1 $11 a6 22. b4 Rd8 {[#]} (22... Re5 $11 {remains equal.}) 23. Bc5 $1 $16 {[%mdl 1024] And now a4 would win. White has strong compensation.} Rc8 {[#]} 24. a4 {[#]} ({White should try} 24. Rcc1 $1 $16) 24... Rb6 $1 $11 {[%mdl 512]} 25. a5 (25. Bxb6 Rxc4) 25... Rbc6 $36 {[%mdl 2048] White is under pressure.} 26. Rd1 R6c7 (26... e6 $1 $15) 27. Rc2 f4 28. gxf4 Bh6 29. Rc4 f5 30. Kg2 Bg7 31. Rc2 $1 Kf7 32. Rcd2 Bf6 33. Re2 h5 34. Rd5 Rg8+ 35. Kf3 h4 36. Red2 (36. Re1 $14) 36... Ke6 $1 37. Rd8 Rxd8 38. Rxd8 Rd7 39. Rxd7 Kxd7 {[%mdl 4096] Endgame KB-KB} 40. Ke3 Kc6 41. Kd3 Kd5 (41... h3 $5 {[%cal Rc6b5]}) 42. h3 $1 {The position is equal.} e6 43. f3 Bd8 44. Bf8 b6 45. axb6 Bxb6 46. Be7 Bf2 47. Bf6 Be1 48. Be7 e5 49. fxe5 Kxe5 50. Ke3 Bg3 51. Bg5 Kd5 52. Kd3 $1 Be1 53. Be7 Ke6 54. Bc5 Ke5 55. Ke3 Bg3 56. Be7 Ke6 57. Bc5 Kd5 58. Kd3 a5 59. Be7 a4 60. b5 Be5 61. b6 Kc6 62. Kc4 Bg3 63. Bc5 Be1 64. Bd4 Bd2 65. Bf2 Ba5 66. Bxh4 {Bf2 is the strong threat.} Bxb6 67. Bf6 Bc5 68. h4 Bf8 69. h5 Kd6 70. Bc3 Ke6 71. Ba1 f4 72. Bc3 Kf5 73. Bd4 Kg5 74. Be5 a3 75. Kb3 Kf5 76. Bc7 Kg5 77. Be5 {Precision: White = 69%, Black = 53%.} 1/2-1/2

[Event "ESTCC U65 2018"]
[Site "Walbrzych"]
[Date "2018.04.16"]
[Round "3"]
[White "Jorgensen, Arne Bjorn"]
[Black "Dalling, Peter"]
[Result "1-0"]
[WhiteElo "1956"]
[BlackElo "1844"]
[Annotator "NA RC"]
[PlyCount "93"]
[EventDate "2018.??.??"]
[EventCountry "POL"]
[SourceTitle "playchess.com"]
[Source "ChessBase"]
[SourceQuality "1"]
[WhiteTeam "Denmark"]
[BlackTeam "Sweden"]
[WhiteTeamCountry "DEN"]
[BlackTeamCountry "SWE"]
[TimeControl "40/5400+30:1800+30"]

1. Nf3 {[%emt 0:00:00]} d5 {[%emt 0:00:42]} 2. d4 {[%emt 0:00:00]} Nf6 {[%emt 0:00:35]} 3. g3 {[%emt 0:00:00]} Nc6 {[%emt 0:03:57]} 4. Bg2 {[%emt 0:00:12]} Bf5 {[%emt 0:02:18]} 5. O-O {[%emt 0:01:17]} e6 {[%emt 0:00:26]} 6. c4 {[%emt 0:00:37]} Be7 {[%emt 0:00:22]} 7. Nc3 {[%emt 0:00:26]} O-O {[%emt 0:00:25]} 8. Ne5 {[%emt 0:02:37]} Nb4 {[%emt 0:05:10] D02: 1 d4 d5 2 Nf3 sidelines, including 2...Nf6 3 g3 and 2...Nf6 3 Bf4} (8... Ne4 9. Nxc6 bxc6 10. Nxe4 Bxe4 11. Bxe4 dxe4 12. Be3 f5 13. Qa4 Qd7 14. d5 exd5 15. cxd5 Qxd5 16. Rac1 {1-0 (69) Rakesh,K (2394)-Mohammad,M (2428) Bhubaneswar 2017}) 9. a3 {[%emt 0:05:58]} Na6 {[%emt 0:02:49]} 10. b4 $146 {[%emt 0:01:32]} ({Find the theoretical novelty and annotate with similar games:} 10. cxd5 exd5 11. Qb3 Rb8 12. Nxd5 Be6 13. Nxe7+ Qxe7 14. Qf3 Rfd8 15. Rd1 Nc5 16. Be3 {1-0 (27) Oussedik,M (2174)-Zaibi,A (2264) Monastir 2014}) 10... c6 {[%emt 0:00:10]} 11. cxd5 {[%emt 0:01:58]} cxd5 {[%emt 0:02:10]} 12. Bb2 {[%emt 0:01:17]} Rc8 {[%emt 0:00:49]} 13. Rc1 {[%emt 0:00:18]} Nb8 {[%emt 0:01:47]} 14. Qb3 {[%emt 0:04:50]} Nc6 {[%emt 0:02:52]} 15. Rfd1 {[%emt 0:02:16]} Bd6 {[%emt 0:03:02]} 16. Na4 {[%emt 0:06:59]} Qe7 {[%emt 0:03:09]} 17. Nxc6 {[%emt 0:03:37]} Rxc6 {[%emt 0:00:17]} 18. Rxc6 {[%emt 0:00:23]} bxc6 {[%emt 0:00:06]} 19. Nc5 {[%emt 0:01:44]} Rb8 {[%emt 0:04:51]} 20. Qa4 {[%emt 0:04:30]} Rc8 {[%emt 0:08:13]} 21. Nd3 {[%emt 0:02:54]} Ne4 {[%emt 0:04:47]} 22. Rc1 {[%emt 0:03:34]} Qb7 {[%emt 0:05:39]} 23. Bxe4 {[%emt 0:13:54]} Bxe4 {[%emt 0:00:31]} 24. Nc5 {[%emt 0:01:36]} Bxc5 {[%emt 0:00:14]} 25. Rxc5 {[%emt 0:00:14]} a6 {[%emt 0:05:02]} 26. f3 $14 {[%emt 0:04:19]} Bb1 {[%emt 0:00:50]} 27. Qb3 {[%emt 0:01:31]} Qd7 {[%emt 0:04:06]} 28. Bc1 {[%emt 0:00:51]} Bg6 {[%emt 0:00:18]} 29. Kg2 {[%emt 0:04:18]} Kf8 {[%emt 0:06:33]} 30. Bd2 {[%emt 0:01:39]} Ke7 {[%emt 0:02:24]} 31. Qc3 {[%emt 0:04:41]} Bb1 {[%emt 0:04:00]} 32. Qb2 {[%emt 0:00:26]} Bg6 {[%emt 0:00:07]} 33. Qc1 {[%emt 0:00:29]} h6 {[%emt 0:01:34]} 34. a4 {[%emt 0:01:00]} Kd8 {[%emt 0:03:06]} 35. b5 {[%emt 0:02:01]} axb5 {[%emt 0:01:57]} 36. axb5 {[%emt 0:01:44]} Ke8 {[%emt 0:03:39]} 37. bxc6 {[%emt 0:00:29]} Qa7 {[%emt 0:00:55]} 38. c7 {[%emt 0:05:31]} Kd7 {[%emt 0:00:44]} 39. Ba5 {[%emt 0:00:23]} Qa6 {[%emt 0:00:54]} 40. Qb2 {[%emt 0:00:00]} Bf5 {[%emt 0:04:37]} 41. Kf2 {[%emt 0:02:06]} g5 {[%emt 0:04:50]} 42. Qb4 {[%emt 0:06:02]} h5 {[%emt 0:02:57]} 43. Qa4+ {[%emt 0:04:00]} Ke7 {[%emt 0:02:35]} 44. Rb5 {[%emt 0:01:13]} Kf6 {[%emt 0:01:06]} 45. Qb4 {[%emt 0:02:03]} Kg6 {[%emt 0:02:16]} 46. Rb8 {[%emt 0:01:37]} e5 {[%emt 0:00:12]} 47. Rb6+ {[%emt 0:00:07]} 1-0

[Event "ESTCC U65 2018"]
[Site "Walbrzych"]
[Date "2018.04.16"]
[Round "3"]
[White "Grahn, Lars"]
[Black "Vehkalahti, Veli"]
[Result "1-0"]
[WhiteElo "1949"]
[BlackElo "1880"]
[Annotator "NA RC"]
[PlyCount "85"]
[EventDate "2018.??.??"]
[EventCountry "POL"]
[SourceTitle "playchess.com"]
[Source "ChessBase"]
[SourceQuality "1"]
[WhiteTeam "Sweden"]
[BlackTeam "Finland"]
[WhiteTeamCountry "SWE"]
[BlackTeamCountry "FIN"]
[TimeControl "40/5400+30:1800+30"]

1. d4 {[%emt 0:00:00]} Nf6 {[%emt 0:00:12]} 2. c4 {[%emt 0:00:00]} e6 {[%emt 0:00:17]} 3. Nf3 {[%emt 0:00:00]} d5 {[%emt 0:00:45]} 4. g3 {[%emt 0:00:35]} Be7 {[%emt 0:02:39]} 5. Bg2 {[%emt 0:00:21]} O-O $11 {[%emt 0:00:22] LiveBook: 8941 Games} 6. Qc2 {[%emt 0:01:02]} Nbd7 {[%emt 0:17:18]} 7. O-O {[%emt 0:01:24]} dxc4 {[%emt 0:12:59]} 8. Qxc4 {[%emt 0:01:50]} Nb6 {[%emt 0:00:48]} 9. Qc2 {[%emt 0:01:12]} c6 {[%emt 0:02:52]} 10. e4 {[%emt 0:02:06]} Bd7 {[%emt 0:06:37]} 11. h3 {[%emt 0:10:20]} Qc8 {[%emt 0:01:53]} 12. Be3 {[%emt 0:02:56]} Qc7 {[%emt 0:09:08]} 13. Nbd2 {[%emt 0:02:55]} Rac8 {[%emt 0:01:37]} 14. Rfc1 {[%emt 0:07:22]} Nh5 {[%emt 0:03:54]} 15. Nb3 {[%emt 0:07:47]} g6 {[%emt 0:06:56]} 16. Bh6 {[%emt 0:04:55]} Rfd8 {[%emt 0:03:45]} 17. a4 {[%emt 0:02:53]} Be8 {[%emt 0:01:06]} 18. a5 {[%emt 0:06:36]} Nd7 {[%emt 0:01:48]} 19. Be3 {[%emt 0:11:45]} f6 {[%emt 0:03:41]} 20. d5 {[%emt 0:11:59]} exd5 {[%emt 0:06:30]} 21. exd5 {[%emt 0:00:03]} Bf7 {[%emt 0:02:09]} 22. Nfd4 {[%emt 0:02:38]} Qd6 {[%emt 0:02:29]} 23. dxc6 {[%emt 0:02:10]} bxc6 {[%emt 0:00:23]} 24. Rd1 {[%emt 0:07:51]} Bd5 {[%emt 0:00:21]} 25. Ne2 {[%emt 0:02:33]} Qb4 {[%emt 0:01:24]} 26. Nbd4 {[%emt 0:01:25]} Ne5 {[%emt 0:01:05]} 27. Ra4 {[%emt 0:01:43]} Qb7 {[%emt 0:00:13]} 28. Bxd5+ {[%emt 0:02:59]} cxd5 {[%emt 0:00:07]} 29. Qb3 {[%emt 0:01:30]} Qxb3 {[%emt 0:01:13]} 30. Nxb3 {[%emt 0:00:01]} Nc4 {[%emt 0:01:22]} 31. Bd4 {[%emt 0:00:36]} Rb8 {[%emt 0:01:42]} 32. Nec1 {[%emt 0:00:18]} Ng7 {[%emt 0:00:18]} 33. Bxa7 {[%emt 0:00:32]} Rb7 {[%emt 0:01:13]} 34. Bc5 {[%emt 0:01:21]} Nxb2 {[%emt 0:03:50]} 35. Rad4 {[%emt 0:01:02]} Nxd1 {[%emt 0:00:17]} 36. Rxd1 {[%emt 0:00:01]} Bxc5 {[%emt 0:01:06]} 37. Nxc5 {[%emt 0:00:02]} Rb5 {[%emt 0:00:12]} 38. N1b3 {[%emt 0:00:46]} Nf5 {[%emt 0:01:26]} 39. a6 {[%emt 0:00:31]} Ne7 {[%emt 0:00:24]} 40. Nb7 {[%emt 0:00:00]} Ra8 {[%emt 0:01:59]} 41. N3c5 {[%emt 0:03:01]} Kf7 {[%emt 0:00:29]} 42. Nd6+ {[%emt 0:00:12]} Kf8 {[%emt 0:02:14]} 43. Nxb5 {[%emt 0:00:09]} 1-0

[Event "ESTCC U65 2018"]
[Site "Walbrzych"]
[Date "2018.04.16"]
[Round "3"]
[White "Ruotanen, Helge"]
[Black "Heikkila, Raine"]
[Result "1-0"]
[WhiteElo "1921"]
[BlackElo "1705"]
[Annotator "NA RC"]
[PlyCount "105"]
[EventDate "2018.??.??"]
[EventCountry "POL"]
[SourceTitle "playchess.com"]
[Source "ChessBase"]
[SourceQuality "1"]
[WhiteTeam "Finland"]
[BlackTeam "Finland"]
[WhiteTeamCountry "FIN"]
[BlackTeamCountry "FIN"]
[TimeControl "40/5400+30:1800+30"]

1. g3 {[%emt 0:00:00]} e5 {[%emt 0:05:26]} 2. d3 {[%emt 0:00:14]} d5 {[%emt 0:00:11]} 3. Bg2 {[%emt 0:01:07]} h6 {[%emt 0:00:20] A00: Irregular Openings} (3... Nf6 4. Nf3 Bd6 5. Nbd2 O-O 6. e4 c6 7. O-O Re8 8. Re1 Nbd7 9. c3 h6 10. Qc2 Nf8 11. b3 Ng6 12. Bb2 Bg4 13. h3 Be6 14. Rad1 Qc7 15. Nf1 Rad8 16. Ne3 Qc8 17. Kh2 {0-1 (39) Mamedyarov,S (2799)-Grischuk,A (2772) Huaian 2017}) 4. Nf3 {[%emt 0:02:36]} Nc6 {[%emt 0:00:48]} 5. O-O {[%emt 0:02:35]} Bc5 {[%emt 0:00:09] [#]} 6. Nxe5 $1 {[%emt 0:00:54]} Nxe5 $146 {[%emt 0:01:20]} ({Predecessor:} 6... Qf6 7. Nxc6 bxc6 8. e3 Ne7 9. d4 Bb6 10. Nd2 a5 11. Qf3 Qg6 12. Qd1 {1-0 (27) Meyer,H (1730)-Zedlitz,F (1676) Germany 2012}) 7. d4 {[%emt 0:00:05]} Bb6 {[%emt 0:00:28]} 8. dxe5 {[%emt 0:00:07]} Bg4 {[%emt 0:00:51]} 9. Bxd5 {[%emt 0:06:11]} c6 {[%emt 0:01:30]} 10. Bf3 {[%emt 0:01:01]} Qxd1 {[%emt 0:00:53]} 11. Rxd1 {[%emt 0:00:01]} Bf5 {[%emt 0:00:37]} 12. Na3 {[%emt 0:02:43]} Bc5 {[%emt 0:00:28]} 13. e4 {[%emt 0:00:20]} Be6 {[%emt 0:00:21]} 14. b3 {[%emt 0:01:12]} Ne7 {[%emt 0:00:12]} 15. Bb2 {[%emt 0:02:58]} O-O {[%emt 0:00:16]} 16. c4 {[%emt 0:00:51]} Rfe8 {[%emt 0:00:15]} 17. Nc2 {[%emt 0:00:49]} Ng6 {[%emt 0:00:17]} 18. Bh5 {[%emt 0:00:40]} Rf8 {[%emt 0:00:59]} 19. Kg2 {[%emt 0:00:19]} Rae8 {[%emt 0:00:23]} 20. f4 {[%emt 0:00:27]} Bc8 {[%emt 0:00:29]} 21. Rd2 {[%emt 0:01:16]} Rd8 {[%emt 0:00:34]} 22. Rad1 {[%emt 0:00:08]} Rxd2+ {[%emt 0:00:15]} 23. Rxd2 {[%emt 0:00:02]} Bb6 {[%emt 0:00:46]} 24. b4 {[%emt 0:01:17]} Rd8 {[%emt 0:00:18]} 25. Rxd8+ {[%emt 0:00:14]} Bxd8 {[%emt 0:00:02]} 26. Ne3 {[%emt 0:05:35]} Ne7 {[%emt 0:00:34]} 27. c5 {[%emt 0:00:35]} Be6 {[%emt 0:01:37]} 28. a3 {[%emt 0:00:02]} a5 {[%emt 0:00:18]} 29. Be2 {[%emt 0:01:06]} g6 {[%emt 0:01:04]} 30. Nc4 {[%emt 0:01:25]} axb4 {[%emt 0:00:23]} 31. axb4 {[%emt 0:00:02]} Kf8 {[%emt 0:01:12]} 32. g4 $18 {[%emt 0:02:04]} Bd7 {[%emt 1:11:53]} 33. Bd4 {[%emt 0:02:53]} Nc8 {[%emt 0:01:30]} 34. Kg3 {[%emt 0:01:22]} Ne7 {[%emt 0:01:16]} 35. Be3 {[%emt 0:00:21]} Nc8 {[%emt 0:00:40]} 36. h4 {[%emt 0:00:20]} Be7 {[%emt 0:00:56]} 37. Nd6 {[%emt 0:00:20]} Nxd6 {[%emt 0:01:03]} 38. exd6 {[%emt 0:06:31]} Bf6 {[%emt 0:00:47]} 39. e5 {[%emt 0:00:24]} Bd8 {[%emt 0:00:15]} 40. Bd3 {[%emt 0:00:00]} Kg7 {[%emt 0:00:31]} 41. h5 {[%emt 0:05:32]} gxh5 {[%emt 0:03:28]} 42. Bf5 {[%emt 0:02:43]} Be6 {[%emt 0:12:17]} 43. Bxe6 {[%emt 0:02:00]} fxe6 {[%emt 0:01:11]} 44. f5 {[%emt 0:01:16]} h4+ {[%emt 0:07:26]} 45. Kh3 {[%emt 0:00:19]} Bg5 {[%emt 0:03:42]} 46. Bxg5 {[%emt 0:00:37]} hxg5 {[%emt 0:00:09]} 47. d7 {[%emt 0:00:04]} Kf7 {[%emt 0:01:06]} 48. d8=Q {[%emt 0:00:15]} exf5 {[%emt 0:00:47]} 49. gxf5 {[%emt 0:00:17]} g4+ {[%emt 0:00:18]} 50. Kxg4 {[%emt 0:00:06]} h3 {[%emt 0:00:33]} 51. Qd7+ {[%emt 0:00:08]} Kg8 {[%emt 0:00:27]} 52. f6 {[%emt 0:00:04]} h2 {[%emt 0:00:21]} 53. Qg7# {[%emt 0:00:06]} 1-0

[Event "ESTCC U65 2018"]
[Site "Walbrzych"]
[Date "2018.04.16"]
[Round "3"]
[White "Gromark, Per-Olof"]
[Black "Christiansen, Arne"]
[Result "1-0"]
[WhiteElo "1901"]
[BlackElo "2045"]
[Annotator "NA RC"]
[PlyCount "77"]
[EventDate "2018.??.??"]
[EventCountry "POL"]
[SourceTitle "playchess.com"]
[Source "ChessBase"]
[SourceQuality "1"]
[WhiteTeam "Sweden"]
[BlackTeam "Denmark"]
[WhiteTeamCountry "SWE"]
[BlackTeamCountry "DEN"]
[TimeControl "40/5400+30:1800+30"]

1. c4 {[%emt 0:00:00]} Nf6 {[%emt 0:00:15]} 2. Nc3 {[%emt 0:00:00]} g6 {[%emt 0:00:15]} 3. e4 {[%emt 0:00:00]} d6 {[%emt 0:00:24]} 4. d4 {[%emt 0:00:00]} Bg7 {[%emt 0:00:15]} 5. Nf3 {[%emt 0:00:02] LiveBook: 29695 Games} O-O {[%emt 0:00:19]} 6. Be2 {[%emt 0:00:10]} e5 {[%emt 0:00:23]} 7. d5 {[%emt 0:00:18]} a5 {[%emt 0:00:49]} 8. Bg5 {[%emt 0:00:17]} Nbd7 {[%emt 0:02:34]} 9. Nd2 {[%emt 0:00:47]} Nc5 {[%emt 0:01:44]} 10. b3 {[%emt 0:02:51]} Bd7 {[%emt 0:00:50]} 11. a3 $14 {[%emt 0:00:13]} Qe8 {[%emt 0:08:42]} 12. O-O {[%emt 0:01:08]} h6 {[%emt 0:01:37]} 13. Be3 {[%emt 0:00:08]} b6 {[%emt 0:00:53]} 14. b4 {[%emt 0:04:47]} Na4 {[%emt 0:13:27]} 15. Qc2 Nxc3 {[%emt 0:01:09]} 16. Qxc3 {[%emt 0:05:25]} Ng4 {[%emt 0:09:23]} 17. Bxg4 {[%emt 0:01:36]} Bxg4 {[%emt 0:00:01]} 18. f3 {[%emt 0:01:29]} Bd7 {[%emt 0:01:44]} 19. c5 {[%emt 0:01:55]} Bb5 {[%emt 0:05:16]} 20. Rfc1 {[%emt 0:01:18]} axb4 {[%emt 0:11:10]} 21. axb4 {[%emt 0:00:18]} bxc5 {[%emt 0:04:11]} 22. bxc5 {[%emt 0:00:49]} Rxa1 {[%emt 0:04:55]} 23. Rxa1 {[%emt 0:00:34]} c6 {[%emt 0:03:02]} 24. Nc4 {[%emt 0:13:47]} cxd5 {[%emt 0:23:24]} 25. Nxd6 {[%emt 0:01:03]} d4 {[%emt 0:01:48]} 26. Qb4 {[%emt 0:06:32]} Qe7 {[%emt 0:01:36]} 27. Qxb5 {[%emt 0:02:23]} dxe3 {[%emt 0:00:09]} 28. Qd3 {[%emt 0:03:18]} Qc7 {[%emt 0:00:56]} 29. Qxe3 {[%emt 0:00:41]} Rb8 {[%emt 0:00:23]} 30. Qc3 {[%emt 0:05:47]} h5 {[%emt 0:00:12]} 31. h3 {[%emt 0:02:29]} Bf8 {[%emt 0:02:01]} 32. Rd1 {[%emt 0:01:17]} f6 {[%emt 0:01:43]} 33. Qc4+ {[%emt 0:03:02]} Kg7 {[%emt 0:00:14]} 34. Qd5 {[%emt 0:01:19]} Qe7 {[%emt 0:00:54]} 35. Kh2 {[%emt 0:01:35]} Kh7 {[%emt 0:00:31]} 36. Ra1 {[%emt 0:03:12]} Qc7 {[%emt 0:00:38]} 37. Ra6 {[%emt 0:01:54]} Kg7 {[%emt 0:00:34]} 38. Rb6 {[%emt 0:01:33]} Rxb6 {[%emt 0:00:23]} 39. Ne8+ {[%emt 0:00:11]} 1-0